00405nam a2200157 a 4500020001800000082001800018100001600036245003100052260004500083300001000128500003500138505001000173650002400183650002400207700001600231 a0226601 00a297.0946bHAR aHarvey, L P aIslamic Spain 1250 to 1500 aChicagobChicago University Press c1990 a370p. aincludes index and biblioraphy2 aIndex aSpain-History-Islam aIslam-History-Spain1 aHarvey, L P